Every Song by U2 - Statistics

General Stats
  • This quiz has been taken 75 times
    70 since last reset
  • The average score is 54 of 206
Answer Stats
Album Song % Correct
The Joshua Tree(1987) With or Without You
88%
Rattle and Hum(1988) | The Joshua Tree(1987) I Still Haven't Found What I'm Looking For
86%
Achtung Baby(1991) | The Joshua Tree(1987) One
86%
The Joshua Tree(1987) Where the Streets Have No Name
82%
War(1983) Sunday Bloody Sunday
80%
War(1983) New Year's Day
76%
All That You Can't Leave Behind(2000) Beautiful Day
72%
Rattle and Hum(1988) | The Unforgettable Fire(1984) Pride (In the Name of Love)
72%
Zooropa(1993) Zooropa
68%
Boy(1980) I Will Follow
62%
Achtung Baby(1991) Mysterious Ways
62%
How to Dismantle an Atomic Bomb(2004) Vertigo
62%
Rattle and Hum(1988) | The Joshua Tree(1987) Bullet the Blue Sky
60%
Zooropa(1993) Lemon
60%
October(1981) October
60%
Achtung Baby(1991) The Fly
56%
The Unforgettable Fire(1984) Bad
54%
Three(1979) Boy/Girl
54%
Pop(1997) Discothèque
52%
October(1981) Gloria
52%
The Unforgettable Fire(1984) The Unforgettable Fire
52%
Achtung Baby(1991) Zoo Station
52%
Rattle and Hum(1988) Desire
50%
No Line on the Horizon(2009) No Line on the Horizon
50%
Zooropa(1993) Numb
48%
Achtung Baby(1991) Until the End of the World
48%
Rattle and Hum(1988) Angel of Harlem
46%
All That You Can't Leave Behind(2000) Elevation
46%
Achtung Baby(1991) Who's Gonna Ride Your Wild Horses
46%
Rattle and Hum(1988) All I Want is You
44%
How to Dismantle an Atomic Bomb(2004) City of Blinding Lights
44%
Achtung Baby(1991) Even Better Than the Real Thing
44%
The Unforgettable Fire(1984) MLK
44%
Zooropa(1993) Stay (Faraway, So Close!)
44%
The Joshua Tree(1987) One Tree Hill
40%
All That You Can't Leave Behind(2000) | All That You Can't Leave Behind(Bonus)(2000) Stuck in a Moment You Can't Get Out Of
40%
Boy(1980) The Electric Co.
40%
War(1983) Two Hearts Beat as One
40%
Achtung Baby(1991) Ultraviolet (Light My Way)
40%
Achtung Baby(1991) Acrobat
38%
The Joshua Tree(1987) Mothers of the Disappeared
38%
Rattle and Hum(1988) When Love Comes to Town
38%
All That You Can't Leave Behind(2000) Kite
36%
The Joshua Tree(1987) Red Hill Mining Town
36%
The Best of 1980–1990(1998) Sweetest Thing
36%
Achtung Baby(1991) Love is Blindness
34%
No Line on the Horizon(2009) Magnificent
34%
All That You Can't Leave Behind(2000) Walk On
34%
War(1983) 40
32%
The Joshua Tree(1987) In God's Country
32%
Zooropa(1993) Daddy's Gonna Pay for Your Crashed Car
30%
The Joshua Tree(1987) Exit
30%
Pop(1997) Please
30%
The Joshua Tree(1987) Running to Stand Still
30%
Pop(1997) Staring at the Sun
30%
Under a Blood Red Sky(1983) 11 O'Clock Tick Tock
28%
The Unforgettable Fire(1984) A Sort of Homecoming
28%
How to Dismantle an Atomic Bomb(2004) Sometimes You Can't Make It on Your Own
28%
Songs of Innocence(2014) Every Breaking Wave
28%
Pop(1997) Last Night on Earth
28%
Pop(1997) Mofo
28%
Achtung Baby(1991) So Cruel
28%
War(1983) Surrender
28%
Pop(1997) The Playboy Mansion
28%
Zooropa(1993) The Wanderer
28%
The Best of 1990–2000(2002) Electrical Storm
26%
No Line on the Horizon(2009) Moment of Surrender
26%
All That You Can't Leave Behind(2000) New York
26%
Under a Blood Red Sky(1983) Party Girl
26%
Songs of Innocence(2014) Song for Someone
26%
War(1983) The Refugee
26%
The Joshua Tree(1987) Trip Through Your Wires
26%
Boy(1980) An Cat Dubh
24%
Zooropa(1993) Babyface
24%
The Unforgettable Fire(1984) Elvis Presley and America
24%
How to Dismantle an Atomic Bomb(Bonus)(2004) Fast Cars
24%
Songs of Innocence(2014) Iris (Hold Me Close)
24%
War(1983) Seconds
24%
October(1981) Tomorrow
24%
Rattle and Hum(1988) Van Diemen's Land
24%
Boy(1980) A Day Without Me
22%
Songs of Innocence(2014) California (There is No End to Love)
22%
Songs of Innocence(2014) Cedarwood Road
22%
Pop(1997) Gone
22%
The Best of 1990–2000(2002) Miss Sarajevo
22%
Rattle and Hum(1988) Silver and Gold
22%
Boy(1980) Stories for Boys
22%
Songs of Innocence(2014) The Miracle (of Joey Ramone)
22%
How to Dismantle an Atomic Bomb(2004) Yahweh
22%
How to Dismantle an Atomic Bomb(2004) Crumbs from Your Table
20%
War(1983) Drowning Man
20%
October(1981) Fire
20%
No Line on the Horizon(2009) Get On Your Boots
20%
Rattle and Hum(1988) God Part II
20%
All That You Can't Leave Behind(2000) Grace
20%
Rattle and Hum(1988) Hawkmoon 269
20%
All That You Can't Leave Behind(2000) In a Little While
20%
War(1983) Like a Song...
20%
All That You Can't Leave Behind(2000) Peace on Earth
20%
Songs of Innocence(2014) Raised by Wolves
20%
War(1983) Red Light
20%
October(1981) Scarlet
20%
Zooropa(1993) The First Time
20%
Songs of Innocence(2014) The Troubles
20%
No Line on the Horizon(2009) Unknown Caller
20%
Songs of Innocence(2014) Volcano
20%
Boy(1980) Another Time, Another Place
18%
No Line on the Horizon(2009) Cedars of Lebanon
18%
How to Dismantle an Atomic Bomb(2004) Love and Peace or Else
18%
How to Dismantle an Atomic Bomb(2004) Miracle Drug
18%
How to Dismantle an Atomic Bomb(2004) Original of the Species
18%
Duals(2011) Drunk Chicken/America
18%
Rattle and Hum(1988) Heartland
18%
October(1981) I Fall Down
18%
Pop(1997) If God Will Send His Angels
18%
October(1981) Is That All?
18%
Pop(1997) Miami
18%
Boy(1980) Out of Control
18%
Zooropa(1993) Some Days Are Better Than Others
18%
Songs of Innocence(2014) This is Where You Can Reach Me Now
18%
Achtung Baby(1991) Tryin' to Throw Your Arms Around the World
18%
Boy(1980) Twilight
18%
No Line on the Horizon(2009) Breathe
16%
Zooropa(1993) Dirty Day
16%
How to Dismantle an Atomic Bomb(2004) A Man and a Woman
16%
Pop(1997) Do You Feel Loved
16%
The Best of 1990–2000(2002) Hold Me, Thrill Me, Kiss Me, Kill Me
16%
The Unforgettable Fire(1984) Indian Summer Sky
16%
Boy(1980) Into the Heart
16%
October(1981) I Threw a Brick Through a Window
16%
October(1981) Rejoice
16%
Boy(1980) Shadows and Tall Trees
16%
Songs of Innocence(2014) Sleep Like a Baby Tonight
16%
Boy(1980) The Ocean
16%
Wide Awake in America(1985) The Three Sunrises
16%
Pop(1997) Wake Up Dead Man
16%
All That You Can't Leave Behind(2000) Wild Honey
16%
The Unforgettable Fire(1984) Wire
16%
October(1981) With a Shout (Jerusalem)
16%
Songs of Experience(2017) You're the Best Thing About Me
16%
Songs of Experience(2017) 13 (There is a Light)
14%
Songs of Experience(2017) American Soul
14%
All That You Can't Leave Behind(Bonus)(2000) Big Girls are Best
14%
Songs of Experience(2017) Get Out of Your Own Way
14%
No Line on the Horizon(2009) I'll Go Crazy If I Don't Go Crazy Tonight
14%
Songs of Experience(2017) Landlady
14%
Songs of Experience(2017) Love Is All We Have Left
14%
No Line on the Horizon(2009) Stand Up Comedy
14%
October(1981) Stranger in a Strange Land
14%
Songs of Experience(2017) The Blackout
14%
All That You Can't Leave Behind(Bonus)(2000) The Ground Beneath Her Feet
14%
Songs of Experience(2017) The Little Things That Give You Away
14%
No Line on the Horizon(2009) White as Snow
14%
The Unforgettable Fire(1984) 4th of July
12%
All That You Can't Leave Behind(Bonus)(2000) Always
12%
How to Dismantle an Atomic Bomb(2004) One Step Closer
12%
All That You Can't Leave Behind(Bonus)(2000) Flower Child
12%
Pop(1997) If You Wear That Velvet Dress
12%
Songs of Experience(2017) Lights of Home
12%
Songs of Experience(2017) Love is Bigger Than Anything in Its Way
12%
Rattle and Hum(1988) Love Rescue Me
12%
Songs of Innocence(Bonus)(2014) Lucifer's Hands
12%
Non-Album(2013) Ordinary Love
12%
The Unforgettable Fire(1984) Promenade
12%
Songs of Experience(2017) Red Flag Day
12%
Songs of Experience(2017) Summer of Love
12%
Songs of Innocence(Bonus)(2014) The Crystal Ballroom
12%
Songs of Experience(2017) The Showman (Little More Better)
12%
All That You Can't Leave Behind(2000) When I Look at the World
12%
Non-Album(1982) A Celebration
10%
Songs of Experience(Bonus)(2017) Book of Your Heart
10%
How to Dismantle an Atomic Bomb(2004) All Because of You
10%
No Line on the Horizon(2009) Fez – Being Born
10%
All That You Can't Leave Behind(Bonus)(2000) Levitate
10%
Wide Awake in America(1985) Love Comes Tumbling
10%
The Best of 1990–2000(2002) The Hands That Built America
10%
Medium, Rare & Remastered(2009) Trash, Trampoline and the Party Girl
10%
U218 Singles(2006) Window in the Skies
10%
All That You Can't Leave Behind(Bonus)(2000) Don't Take Your Guns to Town
8%
Non-Album(2014) Invisible
8%
All That You Can't Leave Behind(Bonus)(2000) Love You Like Mad
8%
All That You Can't Leave Behind(Bonus)(2000) Stateless
8%
All That You Can't Leave Behind(Bonus)(2000) Summer Rain
8%
Pop(Bonus)(1997) Holy Joe
6%
Medium, Rare & Remastered(2009) Jesus Christ
6%
Medium, Rare & Remastered(2009) Wave of Sorrow (Birdland)
6%
Medium, Rare & Remastered(2009) Xanax and Wine
6%
Medium, Rare & Remastered(2009) Angels Too Tied to the Ground
4%
Medium, Rare & Remastered(2009) Beautiful Ghost
4%
U2 Live at Red Rocks: Under a Blood Red Sky(1984) Cry
4%
Medium, Rare & Remastered(2009) Native Son
4%
No Line on the Horizon(Bonus)(2009) No Line on the Horizon 2
4%
Medium, Rare & Remastered(2009) Saturday Night
4%
Medium, Rare & Remastered(2009) Smile
4%
Duals(2011) Falling at Your Feet
2%
Duals(2011) Amazing Grace
0%
Duals(2011) I'm Not Your Baby
0%
Boy(Hidden)(1980) Saturday Manitee
0%
Duals(2011) Slow Dancing
0%
Duals(2011) Stranded (Haiti Mon Amour)
0%
Duals(2011) The Ballad of Ronnie Drew
0%
No matching quizzes found
Score Distribution
Percent of People with Each Score
Percentile by Number Answered
Your Score History
You have not taken this quiz since the last reset